| 000 | 00440nam a22001697a 4500 | ||
|---|---|---|---|
| 005 | 20160318141812.0 | ||
| 008 | 160318b xxu||||| |||| 00| 0 eng d | ||
| 040 | _aLoreto college | ||
| 041 | _aEnglish | ||
| 082 |
_a433.2 _bEUP |
||
| 245 | _aThe E.U.P concise german and english dictionary | ||
| 260 |
_aLondon _bThe english university press _c1960 |
||
| 300 | _a307p | ||
| 650 | _aFrench dictionaries | ||
| 850 | _aLCLIB | ||
| 942 | _cBK | ||
| 999 |
_c40532 _d91011 |
||